[Event "Ramat Gan Shavuot op"]
[Site "Ramat Gan"]
[Date "2023.05.25"]
[Round "3"]
[White "Hasanov, Evyatar"]
[Black "Uritsky, Yonathan"]
[Result "0-1"]
[WhiteElo "1850"]
[BlackElo "2118"]
[PlyCount "78"]
[EventDate "2023.05.25"]
[EventType "swiss (rapid)"]
[EventRounds "6"]
[EventCountry "ISR"]
[SourceTitle "CBM 214 Extra"]
[Source "ChessBase"]
[SourceDate "2023.07.31"]
[SourceVersion "1"]
[SourceVersionDate "2023.07.31"]
[SourceQuality "1"]

1. c4 Nf6 2. g3 g6 3. Bg2 Bg7 4. Nc3 c5 5. Nf3 0-0 6. 0-0 Nc6 7. d4 cxd4 8. Nxd4 Qa5 9. Nxc6 dxc6 10. Qc2 Be6 11. b3 Bf5 12. e4 Nxe4 13. Nxe4 Bxa1 14. Bd2 Qe5 15. Bf4 Qg7 16. Qc1 Bb2 17. Qe3 Qd4 18. Qe2 Rfd8 19. Be3 Qd3 20. Qxb2 Bxe4 21. Bh6 Qd4 22. Qe2 Bd3 23. Qxe7 Rd7 24. Qe1 Bxf1 25. Bxf1 Rad8 26. Qc1 Re7 27. h4 f6 28. Be3 Qd1 29. Qc3 Kf7 30. c5 Kg7 31. h5 Qxh5 32. Kg2 Qe5 33. Qc1 Qd5+ 34. Kg1 h5 35. Kh2 Qd1 36. Qc4 Rxe3 37. fxe3 Rd2+ 38. Kh3 Qf3 39. a4 Qh1# 0-1